| 000 | 00781nam a2200205 a 4500 | ||
|---|---|---|---|
| 005 | 20230524063746.0 | ||
| 008 | 991125s1963 cl 000 0 spa u | ||
| 035 | _aUPN01000037104 | ||
| 049 | _aCG | ||
| 050 | 4 |
_aLB1589 E6.1 _bE3.48 1969 LM |
|
| 100 | 1 |
_aEicholz, Robert E. _930647 |
|
| 245 | 1 | 0 |
_aMatemática para la educación primaria : _bguía del maestro para el primer grado / _cRobert E. Eicholz ; consultores y colab. Emerson Martin. |
| 250 | _a2a ed. | ||
| 260 |
_aBogotá ; _aMéxico : _bFondo Educativo Interamericano ; _bNorma, _cc1963. |
||
| 300 |
_a415 p. : _bil. col. |
||
| 440 | 0 |
_aMatemáticas para la educación primaria. _pGuía 1 |
|
| 650 | 4 |
_aMatemáticas _xEstudio y enseñanza (Elemental) _92809 |
|
| 700 | 1 |
_aMartin, Emerson, _ecolab. _929146 |
|
| 905 | _aLibro | ||
| 999 |
_c37104 _d37104 |
||